Statistics for Africa Map with 8 Extra Borders

Click here to take the quiz!

General Stats

  • This quiz has been taken 2,752 times
  • The average score is 7 of 8

Answers on the Map

Answers color-coded by a green-red scale on the quiz's map according to % correct below.
 

Answer Stats

Country% Correct
Algeria
98%
Chad
96%
Ethiopia
95%
Benin
92%
Angola
85%
Mozambique
85%
Equatorial Guinea
81%
Guinea
80%

Score Distribution

Percentile by Number Answered

Percent of People with Each Score

Your Score History

You have not taken this quiz